Nischen für die Sozialarbeit eines freien Trägers: Bericht über 29jährige Arbeit in der JVA Düsseldorf
| 1. VerfasserIn: | |
|---|---|
| Medienart: | Druck Aufsatz |
| Sprache: | Deutsch |
| Veröffentlicht: |
1999
|
| In: |
Zeitschrift für Strafvollzug und Straffälligenhilfe
Jahr: 1999, Band: 48, Heft: 5, Seiten: 284-287 |
| Bestand in Albert-Krebs Bibliothek: | Z.01 24.1975 - 55.2006 |
| Verfügbarkeit prüfen: | HBZ Gateway |
| Schlagwörter: |
MARC
| LEADER | 00000caa a22000002c 4500 | ||
|---|---|---|---|
| 001 | 1818632322 | ||
| 003 | DE-627 | ||
| 005 | 20260505204916.0 | ||
| 007 | tu | ||
| 008 | 221011s1999 xx ||||| 00| ||ger c | ||
| 035 | |a (DE-627)1818632322 | ||
| 035 | |a (DE-599)KXP1818632322 | ||
| 040 | |a DE-627 |b ger |c DE-627 |e rakwb | ||
| 041 | |a ger | ||
| 084 | |a 2,1 |2 ssgn | ||
| 100 | 1 | |a Trenz, Erwin |4 aut | |
| 245 | 1 | 0 | |a Nischen für die Sozialarbeit eines freien Trägers |b Bericht über 29jährige Arbeit in der JVA Düsseldorf |
| 264 | 1 | |c 1999 | |
| 336 | |a Text |b txt |2 rdacontent | ||
| 337 | |a ohne Hilfsmittel zu benutzen |b n |2 rdamedia | ||
| 338 | |a Band |b nc |2 rdacarrier | ||
| 650 | 4 | |a Strafvollzug |x Sozialarbeit |7 (dpeaa)DE-2619 | |
| 650 | 4 | |a Strafvollzug |7 (dpeaa)DE-2619 | |
| 650 | 4 | |a Sozialarbeit |7 (dpeaa)DE-2619 | |
| 650 | 4 | |a Strafgefangener |7 (dpeaa)DE-2619 | |
| 773 | 0 | 8 | |i Enthalten in |t Zeitschrift für Strafvollzug und Straffälligenhilfe |d Wiesbaden : Ges. für Fortbildung der Strafvollzugsbediensteten, 1975 |g 48(1999), 5, Seite 284-287 |w (DE-627)130166723 |w (DE-600)519517-2 |w (DE-576)015709817 |x 0342-3514 |7 nnas |
| 773 | 1 | 8 | |g volume:48 |g year:1999 |g number:5 |g pages:284-287 |
| 889 | |w (DE-627)1942233582 | ||
| 935 | |a mkri | ||
| 951 | |a AR | ||
| AKB | |a 24.1975 - 55.2006 |b Z.01 | ||
| ELC | |b 1 | ||
| LOK | |0 000 xxxxxcx a22 zn 4500 | ||
| LOK | |0 001 4196300901 | ||
| LOK | |0 003 DE-627 | ||
| LOK | |0 004 1818632322 | ||
| LOK | |0 005 20221011151319 | ||
| LOK | |0 008 221011||||||||||||||||ger||||||| | ||
| LOK | |0 035 |a (DE-2619)p06322 | ||
| LOK | |0 040 |a DE-2619 |c DE-627 |d DE-2619 | ||
| LOK | |0 092 |o n | ||
| LOK | |0 852 |a DE-2619 | ||
| LOK | |0 852 1 |m p |9 00 | ||
| LOK | |0 935 |a kreb | ||
| LOK | |0 938 |k p | ||
| LOK | |0 939 |a 2022-10-11 |b l01 | ||
| ORI | |a WA-MARC-krimdoka001.raw | ||
